000 00374nam a2200157Ia 4500
008 230524s9999 xx 000 0 und d
082 _a537
_bKOL
100 _aAlois Koller
245 0 _aWork Power Efficiency Pi-11
250 _a1ST
260 _aNEW DELHI
_bWiley Eastern
_c1993
300 _a65
500 _aQuantity Number: 2
650 _aElectrical
942 _cBK
999 _c26412
_d26412